Love perfected, life divine : (Record no. 95229)

MARC details
000 -LEADER
fixed length control field 00502nam a22001817a 4500
005 - DATE AND TIME OF LATEST TRANSACTION
control field 20150924163953.0
010 ## - LCCN (DPL NO)
LC control number ENG-113662
020 ## - INTERNATIONAL STANDARD BOOK NUMBER
International Standard Book Number 9788189430665
Terms of availability 200.00
035 ## - SYSTEM CONTROL NUMBER
System control number EN-97194
037 ## - SOURCE OF ACQUISITION
Source of stock number/acquisition DBAD/PUB
082 ## - DEWEY DECIMAL CLASSIFICATION NUMBER
Classification number N
100 ## - MAIN ENTRY--PERSONAL NAME
Personal name Kriyananda, Swami
245 ## - TITLE STATEMENT
Title Love perfected, life divine :
Statement of responsibility, etc by Swami Kriyananda
Remainder of title a novel /
260 ## - PUBLICATION, DISTRIBUTION, ETC. (IMPRINT)
Place of publication, distribution, etc Gurgaon
Name of publisher, distributor, etc Ananda Sangha Publications
Date of publication, distribution, etc 2010
270 ## - ADDRESS
City Gurgaon
Address B-10/8, DLF Phase- I
300 ## - PHYSICAL DESCRIPTION
Extent 229p.
Dimensions 22cm(pbk)
942 ## - ADDED ENTRY ELEMENTS (KOHA)
Source of classification or shelving scheme Dewey Decimal Classification
Item type English Books
Call number suffix KRI
Classification part N
Holdings
Withdrawn status Lost status Not for loan Collection code Home library Current library Date acquired Source of acquisition Cost, normal purchase price Full call number Barcode Copy number Cost, replacement price Koha item type
    Not For Loan Fiction D.B.Act.Division D.B.Act.Division 24/07/2015 DBAD/PUB 200.00 N KRI EN-97194 1 200.00 English Books

© Delhi Public Library
Hit Counter
free hit counter